000 00651nam a2200241 a 4500
001 nice12345678
003 IN_TiNIC
005 20260116011424.0
008 050524s1938 laha grd 000 0 ara
020 _a
_c100
082 0 0 _a492.7391439
_bVER
100 _aVertebot, William Tomson
245 _aMuajamul Arabic-Urdu Dictionary
260 _aLahore
_bPunjab Advisory Board for Books
_c1938
300 _a1227p
500 _aincludes index and biblioraphy
505 2 _apages in Vol start from 361 to 920
650 _aDictionary-Arabic Urdu
700 1 _aVertebot, William Tomson
902 _bRHR
942 _cBK
999 _c1391
_d1391